CompTIA security+ exam guide (exam SYO-301) : (Record no. 58727)

MARC details
000 -LEADER
fixed length control field 01264nam a22003137a 4500
005 - DATE AND TIME OF LATEST TRANSACTION
control field 2011112807317.0
008 - FIXED-LENGTH DATA ELEMENTS--GENERAL INFORMATION
fixed length control field 111128t xxu||||| |||| 00| 0 eng d
010 ## - LCCN (DPL NO)
LC control number ENG-104208
020 ## - INTERNATIONAL STANDARD BOOK NUMBER
International Standard Book Number 9781259003035
Terms of availability 795.00
035 ## - SYSTEM CONTROL NUMBER
System control number EN-87741
037 ## - SOURCE OF ACQUISITION
Source of stock number/acquisition DBAD/PUB
040 ## - CATALOGING SOURCE
Original cataloging agency DPL
Language of cataloging Eng
082 ## - DEWEY DECIMAL CLASSIFICATION NUMBER
Classification number 005.8
100 ## - MAIN ENTRY--PERSONAL NAME
9 (RLIN) 36190
245 ## - TITLE STATEMENT
Title CompTIA security+ exam guide (exam SYO-301) :
Statement of responsibility, etc by Wm. Arthur Conklin ... [et al]
Remainder of title all in one /
250 ## - EDITION STATEMENT
Edition statement 3rd ed
260 ## - PUBLICATION, DISTRIBUTION, ETC. (IMPRINT)
Place of publication, distribution, etc New Delhi
Name of publisher, distributor, etc Tata MaGraw Hill
Date of publication, distribution, etc 2011
270 ## - ADDRESS
Address 7, West Patel Nagar
City New Delhi
Postal code 110008
300 ## - PHYSICAL DESCRIPTION
Extent xxxiv,665p. :
Dimensions 24cm (pbk)
Other physical details ill.
Accompanying material 1CD-ROM
500 ## - GENERAL NOTE
General note Includes index
650 ## - SUBJECT ADDED ENTRY--TOPICAL TERM
Topical term or geographic name as entry element Electronic data processing personnel
General subdivision Certification.
9 (RLIN) 36197
650 ## - SUBJECT ADDED ENTRY--TOPICAL TERM
Topical term or geographic name as entry element Computer security
General subdivision Examinations
9 (RLIN) 36198
Form subdivision Study guides.
650 ## - SUBJECT ADDED ENTRY--TOPICAL TERM
Topical term or geographic name as entry element Computer networks
General subdivision Security measures
-- Examinations
9 (RLIN) 36199
Form subdivision Study guides.
650 ## - SUBJECT ADDED ENTRY--TOPICAL TERM
Topical term or geographic name as entry element Computer technicians
9 (RLIN) 36200
General subdivision Certification
Form subdivision Study guides.
700 ## - ADDED ENTRY--PERSONAL NAME
Personal name Conklin, Wm. Arthur
9 (RLIN) 36195
Fuller form of name (William Arthur)
710 ## - ADDED ENTRY--CORPORATE NAME
9 (RLIN) 36196
942 ## - ADDED ENTRY ELEMENTS (KOHA)
Source of classification or shelving scheme Dewey Decimal Classification
Item type English Books
Call number suffix COM
Classification part 005.8
Holdings
Withdrawn status Lost status Source of classification or shelving scheme Damaged status Not for loan Collection code Home library Current library Date acquired Source of acquisition Cost, normal purchase price Total Checkouts Full call number Barcode Date last seen Copy number Cost, replacement price Koha item type
    Dewey Decimal Classification   Not For Loan Non-fiction D.B.Act.Division D.B.Act.Division 28/11/2011 DBAD/PUB 795.00   005.8 COM EN-87741 28/11/2011 1 795.00 English Books

© Delhi Public Library
Hit Counter
free hit counter